000 00619nam a22002057a 4500
003 0
005 20251021121029.0
008 251021b xxu||||| |||| 00| 0 eng d
020 _a978-0-12-818653-4
050 _aTA 164
_b.N43 2023
100 _aNeagu, Adrian,
_eauthor.
245 _aTowards 4D bioprinting /
_cAdrian Neagu.
260 _aLondon, UK :
_bAcademic Press,
_c2023.
300 _avii, 292 pages :
_billustrations ;
_c24 cm.
504 _aIncludes bibliographical references and index.
650 _aBioprinting.
650 _a4-D printing.
650 _aBiomaterials
_xManufacturing.
942 _2lcc
_cBK
999 _c368310
_d368310